| 000 | 01252nam2a22002531 4500 | ||
|---|---|---|---|
| 001 | rc\759130 | ||
| 005 | 20250622134906.0 | ||
| 035 | _a(NLR Aleph) 006322847 | ||
| 090 |
_a7467529 _c7467529 |
||
| 100 | _a20040301d1985 |||y0rusy50 ca | ||
| 101 | 0 | _arus | |
| 102 | _aRU | ||
| 105 | _ay ||||||||| | ||
| 200 | 0 |
_a...1971-1975 _f[Сост. О. Сейитниязова и др. _gОтв. ред. З. Назарова] |
|
| 210 |
_d1985 _aБ. м. |
||
| 215 | _a215 с. | ||
| 461 | 0 |
_1001rc\759129 _12001#$aКнига советского Туркменистана...$e[Ретросп. указ. лит.]$fГос. ком. ТуркмССР по делам изд-в, полиграфии и кн. торговли, Гос. кн. палата ТуркмССР$v...1971-1975 _97467521 _cАшхабад _d1985 _fГос. ком. ТуркмССР по делам изд-в, полиграфии и кн. торговли, Гос. кн. палата ТуркмССР _nТуркменистан _o[Ретросп. указ. лит.] _tКнига советского Туркменистана... _v...1971-1975 |
|
| 801 | 0 |
_aRU _bNLR _gpsbo |
|
| 801 | 1 |
_aRU _bELAR _2rusmarc |
|
| 852 |
_aNLR _bОНЛ |
||
| 852 |
_aNLR _jОНЛ |
||
| 942 | _cBOOK | ||
| 980 | _aNB | ||